00329nam a2200121Ia 45000030006000000080041000060400015000471000033000622450056000952600027001515460012001780050017001900STCL150530s9999 xx 000 0 und d aSTCLcSTCL aIriving Brecher; Abbas, S.A. aForeign aid and industrial development in pakastian bUniversity pressc1972 aEnglish20220125165634.0